Statistické ukazatele životního prostředí

Gespeichert in:
Bibliographische Detailangaben
1. Verfasser: Nová, Drahomíra
Format: Buch
Sprache:Tschechisch
Veröffentlicht: Praha Ústředí vědeckých, technických a ekonomických informací 1988
Tags: Tag hinzufügen
Keine Tags, Fügen Sie das erste Tag hinzu!

MARC

LEADER 00000nam a2200000 4500
001 c038483
005 20251204104843.0
041 0 |a cze 
044 |a CZ 
245 1 0 |a Statistické ukazatele životního prostředí  |c Drahomíra Nová 
264 1 |a Praha  |b Ústředí vědeckých, technických a ekonomických informací  |c 1988 
300 |a 121 s. 
100 1 |a Nová, Drahomíra